000 00566nam a2200169 i 4500
001 152229
003 ES-MaACL
005 20230908192502.0
008 931025s1886 sp |||| | spa d
080 _a821.134.2-94"18"
100 1 _aBlasco, Eusebio,
_d1844-1903
_9126018
245 1 4 _aMis devociones
_b: notas intimas (de Madrid y ParĂ­s) /
_cpor Eusebio Blasco y Soler.
260 _aMadrid :
_b[s.n.],
_c1886 (
_fImp. Sucesores de Rivadeneyra)
300 _a195 p. ;
_c15 cm.
852 _aES-MaACL
_jG-15358
_z-- Enc. hol.
999 _c152229
_d152229